THE SHORT TB. OF PEDIATRICS (Record no. 16643)
[ view plain ]
| 000 -LEADER | |
|---|---|
| fixed length control field | 00318nam a22001457a 4500 |
| 003 - CONTROL NUMBER IDENTIFIER | |
| control field | SGT |
| 020 ## - INTERNATIONAL STANDARD BOOK NUMBER | |
| International Standard Book Number | 978-93-85891-80-9 |
| 082 ## - DEWEY DECIMAL CLASSIFICATION NUMBER | |
| Classification number | 610.7362 |
| Item number | S16G |
| 100 ## - MAIN ENTRY--PERSONAL NAME | |
| Personal name | GUPTE, SURAJ |
| 245 ## - TITLE STATEMENT | |
| Title | THE SHORT TB. OF PEDIATRICS |
| 250 ## - EDITION STATEMENT | |
| Edition statement | 12TH |
| 260 ## - PUBLICATION, DISTRIBUTION, ETC. (IMPRINT) | |
| Place of publication, distribution, etc | INDIA |
| Name of publisher, distributor, etc | JAYPEE |
| Year of Publication | 2016 |
| 300 ## - PAGE DESCRIPTION | |
| No. of Pages | 942 |
| 942 ## - ADDED ENTRY ELEMENTS (KOHA) | |
| Source of classification or shelving scheme | Dewey Decimal Classification |
| Koha item type | Books |
| 942 ## - ADDED ENTRY ELEMENTS (KOHA) | |
| -- | 5 |
| Withdrawn status | Lost status | Source of classification or shelving scheme | Damaged status | Not for loan | Collection code | Home library | Current library | Shelving location | Date acquired | Vendor Name | Cost, normal purchase price | SGTU | Bill Number | Total Checkouts | Full call number | Accession No. (Barcode) | Date last seen | Date last borrowed | Bill Date | Koha item type |
|---|---|---|---|---|---|---|---|---|---|---|---|---|---|---|---|---|---|---|---|---|
| Dewey Decimal Classification | NURSING | SGT Medical Library | SGT Medical Library | Reference Book | 23/01/2019 | ABC | 950.00 | SGTU | 10396 | 1 | 610.7362 S16G | FN3996 | 26/04/2021 | 02/04/2021 | 08/12/2018 | Books | ||||
| Dewey Decimal Classification | NURSING | SGT Medical Library | SGT Medical Library | Reference Book | 23/01/2019 | ABC | 950.00 | SGTU | 10396 | 610.7362 S16G | FN3997 | 23/01/2019 | 08/12/2018 | Books | ||||||
| Dewey Decimal Classification | NURSING | SGT Medical Library | SGT Medical Library | Reference Book | 23/01/2019 | ABC | 950.00 | SGTU | 10396 | 4 | 610.7362 S16G | FN3998 | 24/05/2024 | 24/05/2024 | 08/12/2018 | Books | ||||
| Dewey Decimal Classification | NURSING | SGT Medical Library | SGT Medical Library | Reference Book | 23/01/2019 | ABC | 950.00 | SGTU | 10396 | 1 | 610.7362 S16G | FN3999 | 26/11/2024 | 26/11/2024 | 08/12/2018 | Books | ||||
| Dewey Decimal Classification | NURSING | SGT Medical Library | SGT Medical Library | Reference Book | 23/01/2019 | ABC | 950.00 | SGTU | 10396 | 610.7362 S16G | FN4000 | 23/01/2019 | 08/12/2018 | Books |